Ahsan ul Qassas (Maulvi Ghulam Rasool Alampuri) Ik Talmeeh Ik Isstiarah \ (Record no. 526335)
[ view plain ]
| 000 -LEADER | |
|---|---|
| fixed length control field | 00622nam a22001817a 4500 |
| 003 - CONTROL NUMBER IDENTIFIER | |
| control field | NUST |
| 020 ## - INTERNATIONAL STANDARD BOOK NUMBER | |
| International Standard Book Number | - |
| 038 ## - RECORD CONTENT LICENSOR | |
| Staff Name | Zafar Malik |
| 082 ## - DEWEY DECIMAL CLASSIFICATION NUMBER | |
| Classification number | 891.4911 |
| Author Mark | BUT |
| 100 ## - MAIN ENTRY--PERSONAL NAME | |
| Personal name | Butt, Mujahida Dr. |
| 9 (RLIN) | 17319 |
| 245 ## - TITLE STATEMENT | |
| Title | Ahsan ul Qassas (Maulvi Ghulam Rasool Alampuri) Ik Talmeeh Ik Isstiarah \ |
| Statement of responsibility, etc. | Dr. Mujahida Butt |
| 260 ## - PUBLICATION, DISTRIBUTION, ETC. | |
| Place of publication, distribution, etc. | Lahore : |
| Name of publisher, distributor, etc. | Idara Punjabi Likharian ; |
| Date of publication, distribution, etc. | 2015. |
| 300 ## - PHYSICAL DESCRIPTION | |
| Extent | 128 p. ; |
| 500 ## - GENERAL NOTE | |
| General note | Hardcover |
| 880 ## - ALTERNATE GRAPHIC REPRESENTATION | |
| Linkage | 100-02\r |
| Title | ڈاکٹر مجاھدہ بٹ |
| 880 ## - ALTERNATE GRAPHIC REPRESENTATION | |
| Linkage | 245-02\r |
| Title | احسن القصص (مولوی غلام رسول عالمپوری) اک تلمیح اک استعارہ |
| 942 ## - ADDED ENTRY ELEMENTS (KOHA) | |
| Source of classification or shelving scheme | |
| Koha item type | Book |
| Withdrawn status | Lost status | Source of classification or shelving scheme | Damaged status | Not for loan | Permanent Location | Current Location | Shelving location | Date acquired | Total Checkouts | Full call number | Barcode | Date last seen | Price effective from | Koha item type |
|---|---|---|---|---|---|---|---|---|---|---|---|---|---|---|
| Central Library (CL) | Central Library (CL) | Punjabi Literature | 07/10/2019 | 891.4911 BUT | CL-E-13 | 07/10/2019 | 07/10/2019 | Book |
